| 000 | 00593nam a22001935i 4500 | ||
|---|---|---|---|
| 001 | 165819 | ||
| 003 | ES-MaACL | ||
| 005 | 20230906213218.0 | ||
| 008 | 050908s1879 gw | |||||||| ||ger d | ||
| 040 |
_aCAM _bspa _cCAM |
||
| 100 | 1 |
_aStrousberg, Bethel Heinrich. _9132928 |
|
| 245 | 1 | 0 |
_aFragen der Zeit _b: essays / _cvon Dr. Strousberg. |
| 260 |
_aBerlin : _bJ. Guttentag, _c1879. |
||
| 300 |
_av. ; _c22 cm. |
||
| 505 | 8 | _aT.I: Ueber Parlamentarismus (160 p.) | |
| 597 | _aLetra gótica. | ||
| 752 |
_aAlemania - _dBerlin |
||
| 852 |
_aES-MaACL _jG-2816 _z-- Enc. hol. _q-- Sólo t.I |
||
| 999 |
_c165819 _d165819 |
||